Bengkel Penilaian Harta Kediaman 2/97 (22 - 25 September 1997)

Bibliographic Details
Format: Book
Subjects:
Online Access:http://app.inspen.gov.my:7779/pls/portal/docs/PAGE/CORPORATEPAGES/PORTAL_INSPEN/NOTA_KURSUS/JJ/IY.PDF

MARC

LEADER 00000cam a2200000 7i4500
001 0000005457
005 20071210.0
040 |a INS 
090 0 0 |a J40 
245 0 0 |a Bengkel Penilaian Harta Kediaman 2/97 (22 - 25 September 1997) 
500 |a Digital document is available on-line; Please click the URL below 
650 0 0 |a Juruteknik 
856 |u http://app.inspen.gov.my:7779/pls/portal/docs/PAGE/CORPORATEPAGES/PORTAL_INSPEN/NOTA_KURSUS/JJ/IY.PDF 
999 |a J000000055   |b BOOK   |c Course Notes   |e Default branch 
999 |a J000000372   |b BOOK   |c Course Notes   |e Default branch